| 000 | 01043cam a2200253 4500 | ||
|---|---|---|---|
| 008 | #DATE n2003 000 0 eng u | ||
| 020 | _a0406958602 | ||
| 035 | _a(Sirsi) u121675 | ||
| 041 | _aeng | ||
| 050 |
_a346.4104343 _c18 |
||
| 100 | _aBamford, Karl | ||
| 245 | _aAmending a commercial lease | ||
| 250 | _a2nd ed. | ||
| 260 |
_aLondon _bButterworths _c2003 |
||
| 300 |
_axxx, 179p. _c25cm. |
||
| 350 | _a47 | ||
| 520 | _aSecond edition of this book offers practitioners practical information on identifying potential amendments to a commercial lease. Provides the full text of a standard commercial lease with commentary and relevant amendments. Includes the new "Code of practice for commercial leases in England and Wales". With tables of cases and statutory material. | ||
| 520 | _aSupersedes first edition (ISBN 0406904197). | ||
| 520 | _aSuperceded by third edition (ISBN:1845922552). | ||
| 650 | _aCOMMERCIAL LEASES | ||
| 650 | _aBUSINESS LEASES | ||
| 690 | _aLANDLORD AND TENANT-BUSINESS TENANCIES | ||
| 942 | _n0 | ||
| 999 |
_c102703 _d102703 |
||